Simulador de sistemas digitales (SD2).
Tallennettuna:
| Päätekijä: | |
|---|---|
| Muut tekijät: | |
| Aineistotyyppi: | Kirja |
| Julkaistu: |
[San José , Costa Rica]
1986
|
| Aiheet: | |
| Tagit: |
Lisää tagi
Ei tageja, Lisää ensimmäinen tagi!
|
MARC
| LEADER | 00000nam a2200000Ia 4500 | ||
|---|---|---|---|
| 003 | 003082 | ||
| 005 | 20221231144357.0 | ||
| 008 | 140114s1988 cr a m 000 ||s d | ||
| 040 | |c cru CEDI | ||
| 090 | |a TFG 1781 | ||
| 100 | |a Ramírez Artavia, Gilbert |9 13549 | ||
| 245 | |a Simulador de sistemas digitales (SD2). | ||
| 260 | |c 1986 |a [San José , Costa Rica] | ||
| 300 | |a 2 volúmenes : ilustraciones ; 27 cm | ||
| 500 | |a Proyecto de graduacion (licenciatura en ingeniería electrica con enfasis en control electronico digital)--Universidad de Costa Rica. Facultad de Ingeniería. Escuela de Ingeniería Electrica | ||
| 650 | |x ELECTRONICA DIGITAL |9 14280 | ||
| 700 | |9 13550 |a Saurez Meseguer, Marcial | ||
| 942 | |c TFG | ||
| 999 | |c 20974 |d 20974 | ||
